000 00918nam a2200301Ka 4500
008
020 _a1563630877 (hbk.)
049 _aMAIN
090 _aREF RS75.P578 PHY
245 0 0 _aPhysicians' desk reference 1995.
250 _a49th ed.
260 _aMontvale, NJ :
_bThomson PDR,
_cc1995.
300 _a2787p. :
_bill. ;
_c31 cm.
650 0 _aDrugs
_vDictionaries.
650 0 _aPharmacology
_vDictionaries.
650 0 _aPharmacy.
650 0 _aMateria medica.
650 0 _aBiological products.
650 2 _aBiological Products
_zUnited States
_vCatalogs.
650 2 _aCatalogs, Drug
_zUnited States.
650 2 _aPharmaceutical Preparations
_zUnited States
_vCatalogs.
650 2 _aPharmacology
_vDictionary.
907 _a.b10292093
_b24-02-11
_c24-02-11
003
005 20230123125135.0
040 _cNUST
942 _cBOOKS
_kREF RS75.P578 PHY
999 _c136408
_d136408